[Event "FRA-chT3 01"]
[Site "France"]
[Date "2000.10.15"]
[Round "1"]
[White "Renault, Fabien"]
[Black "Marie, Yann"]
[Result "1-0"]
[WhiteElo "2060"]
[BlackElo "2056"]
[PlyCount "91"]
[EventDate "2001.??.??"]
[EventType "team"]
[EventRounds "9"]
[EventCountry "FRA"]
[SourceTitle "EXT 2002"]
[Source "ChessBase"]
[SourceDate "2001.11.25"]
[SourceVersion "1"]
[SourceVersionDate "2001.11.25"]
[SourceQuality "1"]
[WhiteTeam "Agneaux Saint Lo"]
[BlackTeam "Yffiniac"]
[WhiteTeamCountry "FRA"]
[BlackTeamCountry "FRA"]

1. e4 c5 2. Nf3 Nc6 3. d4 cxd4 4. Nxd4 Nf6 5. Nc3 e5 6. Ndb5 d6 7. Bg5 a6 8. Na3 b5 9. Nd5 Be7 10. Bxf6 Bxf6 11. c4 0-0 12. cxb5 Nd4 13. bxa6 Bg5 14. Bc4 Qa5+ 15. Nc3 Bxa6 16. 0-0 Qb4 17. Bxa6 Rxa6 18. Rb1 f5 19. exf5 Rxa3 20. Ne4 Rxa2 21. Nxg5 Rxf5 22. Qg4 Nf3+ 23. gxf3 Qxg4+ 24. fxg4 Rxg5 25. h3 e4 26. Rfe1 Re5 27. b4 Ra6 28. Re3 Kf7 29. f3 exf3 30. Rxf3+ Ke6 31. Kf2 Rb6 32. Re3 d5 33. Rxe5+ Kxe5 34. Ke3 d4+ 35. Kd3 Kd5 36. b5 Kc5 37. Rf1 Kd6 38. Kc4 d3 39. Rd1 Ke5 40. Rxd3 Ke4 41. Rb3 Kf4 42. Kc5 Rb8 43. b6 Ke5 44. Kc6 h5 45. gxh5 Rf8 46. b7 1-0

[Event "Guingamp op 4th"]
[Site "Guingamp"]
[Date "2000.??.??"]
[Round "6"]
[White "Piankov, Evgenij"]
[Black "Marie, Yann"]
[Result "1-0"]
[WhiteElo "2375"]
[BlackElo "2061"]
[PlyCount "61"]
[EventDate "2000.04.??"]
[EventType "swiss"]
[EventRounds "7"]
[EventCountry "FRA"]
[SourceTitle "EXT 2001"]
[Source "ChessBase"]
[SourceDate "2000.11.22"]
[SourceVersion "1"]
[SourceVersionDate "2000.11.22"]
[SourceQuality "1"]

1. d4 c5 2. c3 e6 3. Nf3 Nf6 4. e3 d5 5. Nbd2 Nbd7 6. Bd3 Bd6 7. 0-0 0-0 8. Qc2 Re8 9. e4 dxe4 10. Nxe4 Nxe4 11. Bxe4 Nf6 12. Bg5 h6 13. dxc5 Bxh2+ 14. Nxh2 hxg5 15. b4 Nxe4 16. Qxe4 Qd5 17. Qe2 e5 18. Rfd1 Qe6 19. Rd6 Qe7 20. Rad1 f6 21. Nf1 Be6 22. Ne3 Rac8 23. c4 g6 24. Nd5 Qf7 25. Qf3 Kg7 26. Qa3 Rh8 27. Qxa7 Ra8 28. Qb6 Ra6 29. Qb5 Rxa2 30. c6 Ra6 31. Rxe6 1-0

[Event "FRA-chT2 9899"]
[Site "France"]
[Date "1998.??.??"]
[Round "4"]
[White "Jaulin, Philippe"]
[Black "Marie, Yann"]
[Result "0-1"]
[WhiteElo "2120"]
[BlackElo "2030"]
[PlyCount "68"]
[EventDate "1998.??.??"]
[EventType "team"]
[EventRounds "9"]
[EventCountry "FRA"]
[SourceTitle "EXT 2008"]
[Source "ChessBase"]
[SourceDate "2007.11.25"]
[SourceVersion "1"]
[SourceVersionDate "2007.11.25"]
[SourceQuality "1"]

1. e4 Nc6 2. Nf3 d6 3. d4 Nf6 4. Nc3 Bg4 5. Be2 g6 6. 0-0 Bg7 7. d5 Nb8 8. Be3 0-0 9. Qd2 Nbd7 10. h3 Bxf3 11. Bxf3 c6 12. Rad1 Qa5 13. dxc6 bxc6 14. Nd5 Qd8 15. Nxf6+ Bxf6 16. c4 c5 17. Bh6 Re8 18. e5 Nxe5 19. Bxa8 Qxa8 20. b3 Nc6 21. Bg5 Bd4 22. Kh1 f6 23. Be3 e5 24. f4 f5 25. fxe5 dxe5 26. Bh6 Qd8 27. Qe1 f4 28. Qe4 Qd7 29. Qd5+ Qxd5 30. cxd5 Nb4 31. d6 Rd8 32. Rde1 Rxd6 33. Rxf4 exf4 34. Re8+ Kf7 0-1